[Event "LSS No Engine Cup 195 Preliminary 0"]
[Site "LSS email"]
[Date "2019.11.12"]
[Round "?"]
[White "Vasseur, Olivier"]
[Black "Perez, Giorgio"]
[Result "1-0"]
[WhiteElo "1900"]
[BlackElo "1492"]
[PlyCount "73"]
[EventDate "2019.11.13"]
[EventType "tourn (corr)"]
[EventRounds "6"]
[EventCountry "GER"]
[SourceTitle "Corr 2022"]
[Source "ChessBase"]
[SourceDate "2021.10.24"]
[SourceVersion "1"]
[SourceVersionDate "2021.10.24"]
[SourceQuality "1"]

1. d4 Nf6 2. Nf3 d5 3. e3 Bg4 4. Be2 e6 5. 0-0 Bd6 6. h3 Bh5 7. Nbd2 0-0 8. c4 c5 9. cxd5 Nxd5 10. dxc5 Bxc5 11. Ne4 Bb6 12. Ng3 Bg6 13. Ne5 Nd7 14. Nxg6 hxg6 15. Bd2 Qh4 16. Rc1 Ne7 17. Rc4 Qh7 18. Bb4 Rfe8 19. Qxd7 Nf5 20. Nxf5 gxf5 21. Rfc1 g5 22. Rc8 Raxc8 23. Rxc8 Rxc8 24. Qxc8+ Kg7 25. Bc3+ Kg6 26. Qxb7 g4 27. hxg4 fxg4 28. Qe4+ Kh6 29. Qxh7+ Kxh7 30. Bxg4 Kg6 31. Kf1 f5 32. Bf3 Kg5 33. Ke2 Bc7 34. a4 e5 35. e4 fxe4 36. Bd2+ Kf5 37. g4+ 1-0

[Event "SN-2019-0-00993"]
[Site "LSS email"]
[Date "2019.10.25"]
[Round "?"]
[White "Bernardara, Enos"]
[Black "Perez, Giorgio"]
[Result "0-1"]
[WhiteElo "800"]
[BlackElo "998"]
[PlyCount "82"]
[EventDate "2019.09.15"]
[EventType "tourn (corr)"]
[EventRounds "6"]
[EventCountry "GER"]
[SourceTitle "Corr 2022"]
[Source "ChessBase"]
[SourceDate "2021.10.24"]
[SourceVersion "1"]
[SourceVersionDate "2021.10.24"]
[SourceQuality "1"]

1. a3 d5 2. Nf3 Nc6 3. g3 e5 4. d4 e4 5. Ne5 Nxe5 6. dxe5 f6 7. exf6 Nxf6 8. Bg2 Bc5 9. 0-0 0-0 10. e3 c6 11. b4 Bb6 12. Bb2 Bg4 13. Qe1 Qd7 14. Nd2 Bh3 15. c4 Bxg2 16. Kxg2 Qf5 17. c5 Bc7 18. h3 Qg6 19. Rd1 Nh5 20. Rg1 Rf5 21. g4 Rg5 22. Kf1 Nf6 23. Bd4 Rf8 24. Qe2 Qh6 25. Kg2 Qh4 26. Bxf6 Rxf6 27. Nf1 h5 28. Ng3 Rf3 29. Qxf3 exf3+ 30. Kxf3 Qxh3 31. Ke2 Qxg4+ 32. Kd2 Qf3 33. Rdf1 Qf6 34. f4 Qb2+ 35. Ke1 Rg6 36. Nf5 Qb1+ 37. Kf2 Qxf5 38. Rh1 Qc2+ 39. Ke1 Qc1+ 40. Kf2 Qd2+ 41. Kf3 Qg2# 0-1

[Event "SN-2019-0-00993"]
[Site "LSS email"]
[Date "2019.10.25"]
[Round "?"]
[White "Perez, Giorgio"]
[Black "Molina, Vicente Andres"]
[Result "1-0"]
[WhiteElo "998"]
[BlackElo "566"]
[PlyCount "101"]
[EventDate "2019.09.15"]
[EventType "tourn (corr)"]
[EventRounds "6"]
[EventCountry "GER"]
[SourceTitle "Corr 2022"]
[Source "ChessBase"]
[SourceDate "2021.10.24"]
[SourceVersion "1"]
[SourceVersionDate "2021.10.24"]
[SourceQuality "1"]

1. e4 c5 2. Nf3 Nc6 3. d4 cxd4 4. Nxd4 e5 5. Nxc6 dxc6 6. Qxd8+ Kxd8 7. Bc4 Be6 8. Bxe6 fxe6 9. Be3 Nf6 10. Nd2 Bb4 11. c3 Ba5 12. 0-0-0 Kc7 13. Nc4 Bb6 14. Bxb6+ axb6 15. f3 Nd7 16. Kb1 Rhd8 17. Rd2 b5 18. Ne3 Nc5 19. Rhd1 Rxd2 20. Rxd2 Rd8 21. Rxd8 Kxd8 22. Ng4 Nd3 23. g3 h5 24. Ne3 Ne1 25. f4 exf4 26. gxf4 Nd3 27. f5 exf5 28. Nxf5 g6 29. Nh4 Ne5 30. Kc2 Ke7 31. Kd2 Kf6 32. h3 Kg5 33. Ng2 c5 34. b3 h4 35. Ke3 c4 36. Nf4 cxb3 37. axb3 Kf6 38. Nd5+ Ke6 39. Nc7+ Kd6 40. Nxb5+ Kc5 41. Nd4 b5 42. Kf4 Nd3+ 43. Kg5 Nf2 44. e5 Nxh3+ 45. Kxh4 Nf4 46. Kg5 Nd5 47. Ne2 Ne7 48. Kf6 Nc6 49. e6 Kd5 50. e7 Nxe7 51. Kxe7 1-0

[Event "LSS No Engine Cup 186 Preliminary 0"]
[Site "LSS email"]
[Date "2019.01.20"]
[Round "?"]
[White "Perez, Giorgio"]
[Black "Vio, Mauro"]
[Result "0-1"]
[WhiteElo "1538"]
[BlackElo "1894"]
[PlyCount "66"]
[EventDate "2019.01.23"]
[EventType "tourn (corr)"]
[EventRounds "6"]
[EventCountry "GER"]
[SourceTitle "Corr 2022"]
[Source "ChessBase"]
[SourceDate "2021.10.24"]
[SourceVersion "1"]
[SourceVersionDate "2021.10.24"]
[SourceQuality "1"]

1. e4 c5 2. Nf3 Nc6 3. Bb5 e6 4. 0-0 a6 5. Be2 Nf6 6. Nc3 Qc7 7. d3 Bd6 8. g3 0-0 9. Bg5 Nd4 10. Bxf6 gxf6 11. Nb1 Nxe2+ 12. Qxe2 b5 13. Nc3 Bb7 14. a3 b4 15. axb4 cxb4 16. Na4 Rfc8 17. Rfc1 a5 18. Nd4 Be5 19. Qg4+ Kh8 20. Nb5 Qc6 21. c4 bxc3 22. Nbxc3 Qd6 23. Rd1 f5 24. exf5 Rg8 25. Qh4 exf5 26. Ne2 Qc6 27. Kf1 Qh1+ 28. Ng1 Qg2+ 29. Ke1 Qxg1+ 30. Ke2 Qg2 31. Qh5 Rge8 32. Nc5 Bd4+ 33. Ne4 Qxf2# 0-1

[Event "SN-2019-0-00958"]
[Site "LSS email"]
[Date "2019.01.19"]
[Round "?"]
[White "Perez, Giorgio"]
[Black "Venturas, Bob"]
[Result "1-0"]
[WhiteElo "995"]
[BlackElo "628"]
[PlyCount "47"]
[EventDate "2018.12.17"]
[EventType "tourn (corr)"]
[EventRounds "6"]
[EventCountry "GER"]
[SourceTitle "Corr 2022"]
[Source "ChessBase"]
[SourceDate "2021.10.24"]
[SourceVersion "1"]
[SourceVersionDate "2021.10.24"]
[SourceQuality "1"]

1. e4 e5 2. f4 Nc6 3. Nf3 d6 4. Bb5 Bd7 5. Bxc6 Bxc6 6. fxe5 Bxe4 7. exd6 cxd6 8. d3 Bc6 9. 0-0 Be7 10. Nc3 h6 11. Nd4 Qd7 12. Nxc6 Qxc6 13. Qg4 Bf6 14. Ne4 Qd7 15. Nxf6+ gxf6 16. Qg7 0-0-0 17. Qxh8 Re8 18. Bxh6 Qg4 19. Qg7 Qd4+ 20. Kh1 Nxh6 21. Qxh6 Re2 22. Qf8+ Kc7 23. Qxf7+ Kc6 24. Qc4+ 1-0

[Event "SN-2019-0-00958"]
[Site "LSS email"]
[Date "2019.01.19"]
[Round "?"]
[White "Sagis, Raju"]
[Black "Perez, Giorgio"]
[Result "0-1"]
[WhiteElo "298"]
[BlackElo "995"]
[PlyCount "124"]
[EventDate "2018.12.17"]
[EventType "tourn (corr)"]
[EventRounds "6"]
[EventCountry "GER"]
[SourceTitle "Corr 2022"]
[Source "ChessBase"]
[SourceDate "2021.10.24"]
[SourceVersion "1"]
[SourceVersionDate "2021.10.24"]
[SourceQuality "1"]

1. d4 Nf6 2. e3 e6 3. Nf3 d5 4. Nc3 a6 5. g3 c5 6. Bg2 cxd4 7. exd4 Bb4 8. Bd2 Nc6 9. 0-0 0-0 10. Ne5 Nxd4 11. Be3 Nf5 12. a3 Bxc3 13. bxc3 Nxe3 14. fxe3 Qc7 15. Qd4 Bd7 16. Rf4 Rac8 17. Nxd7 Nxd7 18. Rg4 Qe5 19. Qd3 Rxc3 20. Qd1 Rxe3 21. Rb1 b5 22. Qf1 Rxa3 23. Re1 Qc7 24. Rc1 Qc5+ 25. Kh1 Ne5 26. Rg5 Nc4 27. Qf6 g6 28. Rg4 Ne3 29. Qf2 Rc3 30. Bf1 Nxg4 31. Qf4 Nf2+ 32. Kg2 Ne4 33. Bd3 Nd6 34. h4 Rc8 35. Ra1 Qb6 36. Kh3 Nc4 37. Rf1 Ne3 38. Qxf7+ Kh8 39. Rf6 Nxc2 40. Rxe6 Qxe6+ 41. Qxe6 Nb4 42. Bf1 d4 43. Qf6+ Kg8 44. Bg2 d3 45. Qd6 a5 46. Bf3 d2 47. Qxd2 a4 48. Bd5+ Nxd5 49. Qxd5+ Kf8 50. Qxb5 a3 51. Qa5 R8c5 52. Qd8+ Kf7 53. Qd7+ Kg8 54. Qe6+ Kg7 55. Qa2 Rb5 56. Kg4 Rbb3 57. Qd2 Rxg3+ 58. Kf4 Rbf3+ 59. Ke4 Re3+ 60. Kf4 Rgf3+ 61. Kg4 h5+ 62. Kg5 Rf5# 0-1

[Event "SN-2019-0-00958"]
[Site "LSS email"]
[Date "2019.01.18"]
[Round "?"]
[White "Perez, Giorgio"]
[Black "Wakeham, Marc R"]
[Result "1-0"]
[WhiteElo "995"]
[BlackElo "799"]
[PlyCount "47"]
[EventDate "2018.12.17"]
[EventType "tourn (corr)"]
[EventRounds "6"]
[EventCountry "GER"]
[SourceTitle "Corr 2022"]
[Source "ChessBase"]
[SourceDate "2021.10.24"]
[SourceVersion "1"]
[SourceVersionDate "2021.10.24"]
[SourceQuality "1"]

1. e4 c5 2. Nf3 d6 3. d4 cxd4 4. Nxd4 Nc6 5. c3 Nf6 6. Nxc6 bxc6 7. Bd3 e6 8. 0-0 Bb7 9. Bg5 Be7 10. Nd2 0-0 11. Nb3 a5 12. f4 a4 13. Nd4 Qb6 14. Kh1 c5 15. Nf3 Rfe8 16. e5 dxe5 17. fxe5 Nd5 18. Bxe7 Nxe7 19. Bxh7+ Kxh7 20. Ng5+ Kg8 21. Qh5 Ng6 22. Qh7+ Kf8 23. Qxg6 Re7 24. Rxf7+ 1-0

[Event "OP-2018-0-04667"]
[Site "LSS email"]
[Date "2018.11.08"]
[Round "?"]
[White "Perez, Giorgio"]
[Black "Kuttner, Jaromir"]
[Result "1/2-1/2"]
[WhiteElo "997"]
[BlackElo "887"]
[PlyCount "65"]
[EventDate "2018.10.28"]
[EventType "tourn (corr)"]
[EventRounds "4"]
[EventCountry "GER"]
[SourceTitle "Corr 2022"]
[Source "ChessBase"]
[SourceDate "2021.10.24"]
[SourceVersion "1"]
[SourceVersionDate "2021.10.24"]
[SourceQuality "1"]

1. e4 d5 2. exd5 Qxd5 3. Nc3 Qa5 4. d4 Nf6 5. Bd2 c6 6. Nf3 Bf5 7. Bc4 e6 8. 0-0 Nbd7 9. Nh4 Bg4 10. Nf3 Bb4 11. h3 Bh5 12. g4 Bg6 13. a3 Bxc3 14. Bxc3 Qc7 15. Ne5 0-0-0 16. Qe2 Nxe5 17. dxe5 Nd5 18. Bd2 Bxc2 19. Bg5 f6 20. exf6 gxf6 21. Bxf6 Nf4 22. Qxc2 Nxh3+ 23. Kg2 Nf4+ 24. Kg1 Nh3+ 25. Kh1 Rhf8 26. Bxe6+ Kb8 27. Bxd8 Qxd8 28. Rad1 Qh4 29. Kg2 Nf4+ 30. Kg1 Nh3+ 31. Kg2 Nf4+ 32. Kg1 Nh3+ 33. Kg2 1/2-1/2

[Event "OP-2018-0-04653"]
[Site "LSS email"]
[Date "2018.10.08"]
[Round "?"]
[White "Konstantinov, Maxim"]
[Black "Perez, Giorgio"]
[Result "1-0"]
[WhiteElo "2426"]
[BlackElo "997"]
[PlyCount "57"]
[EventDate "2018.09.29"]
[EventType "tourn (corr)"]
[EventRounds "4"]
[EventCountry "GER"]
[SourceTitle "Corr 2022"]
[Source "ChessBase"]
[SourceDate "2021.10.24"]
[SourceVersion "1"]
[SourceVersionDate "2021.10.24"]
[SourceQuality "1"]

1. e4 c6 2. Nf3 d5 3. Nc3 dxe4 4. Nxe4 Bg4 5. h3 Bh5 6. Ng3 Bg6 7. h4 h6 8. Ne5 Bh7 9. Qh5 g6 10. Qf3 Qd5 11. Qxd5 cxd5 12. Bb5+ Kd8 13. Nxf7+ Kc7 14. Nxh8 a6 15. Bd3 Nf6 16. Bxg6 Bg8 17. d4 Bg7 18. Nf7 Nbd7 19. Nf5 Bf8 20. Bf4+ Kb6 21. 0-0 Rc8 22. c3 Ka7 23. Rae1 Ne4 24. N7xh6 Be6 25. f3 Bxf5 26. Nxf5 Nd6 27. Nxd6 exd6 28. Bf5 Rd8 29. Bg5 1-0

[Event "SN-2018-0-00926"]
[Site "LSS email"]
[Date "2018.05.25"]
[Round "?"]
[White "D'Emilia, Jack"]
[Black "Perez, Giorgio"]
[Result "1-0"]
[WhiteElo "937"]
[BlackElo "1060"]
[PlyCount "43"]
[EventDate "2018.05.03"]
[EventType "tourn (corr)"]
[EventRounds "6"]
[EventCountry "GER"]
[SourceTitle "Corr 2022"]
[Source "ChessBase"]
[SourceDate "2021.10.24"]
[SourceVersion "1"]
[SourceVersionDate "2021.10.24"]
[SourceQuality "1"]

1. e4 c5 2. Nf3 d6 3. Bc4 e6 4. 0-0 Nc6 5. d4 cxd4 6. Nxd4 Nf6 7. Nc3 Be7 8. f4 0-0 9. Nxc6 bxc6 10. e5 dxe5 11. fxe5 Nd5 12. Qg4 Re8 13. Bh6 Bf8 14. Ne4 Ne3 15. Bxe3 Bb7 16. Nf6+ Kh8 17. Nxe8 Qxe8 18. Rf3 c5 19. Rf4 Rd8 20. Raf1 Qa4 21. Rxf7 Kg8 22. Rxf8+ 1-0

[Event "SN-2018-0-00926"]
[Site "LSS email"]
[Date "2018.05.25"]
[Round "?"]
[White "Pehl, Ferenc"]
[Black "Perez, Giorgio"]
[Result "1/2-1/2"]
[WhiteElo "936"]
[BlackElo "1060"]
[PlyCount "101"]
[EventDate "2018.05.03"]
[EventType "tourn (corr)"]
[EventRounds "6"]
[EventCountry "GER"]
[SourceTitle "Corr 2022"]
[Source "ChessBase"]
[SourceDate "2021.10.24"]
[SourceVersion "1"]
[SourceVersionDate "2021.10.24"]
[SourceQuality "1"]

1. e4 c5 2. Nf3 d6 3. h3 Nf6 4. Nc3 Nc6 5. d4 cxd4 6. Nxd4 Qb6 7. Nxc6 bxc6 8. Bd3 g6 9. 0-0 Bg7 10. Rb1 0-0 11. Be3 Qa5 12. a3 Bb7 13. Bd2 Qc7 14. Bf4 Nd7 15. Na4 Qa5 16. c3 Rfb8 17. b4 Qc7 18. Qc2 Ne5 19. Bxe5 Bxe5 20. Rfe1 a5 21. Nb2 axb4 22. axb4 Ra3 23. c4 Rba8 24. Nd1 Qb6 25. Qe2 Ra1 26. Ne3 R1a2 27. Qf3 Bc3 28. Red1 R2a4 29. b5 e6 30. Ng4 Kg7 31. Ne3 Bd4 32. Nc2 Be5 33. Ne3 h5 34. Qe2 d5 35. bxc6 Qxc6 36. cxd5 exd5 37. Nxd5 Bc8 38. Ne7 Qf6 39. Nxc8 Rxc8 40. Rdc1 Qf4 41. Qe3 Qh2+ 42. Kf1 Bf4 43. Qxf4 Qxf4 44. Rxc8 Ra3 45. Bc2 Ra2 46. f3 h4 47. Rd1 Qh2 48. Re1 Qh1+ 49. Kf2 Qh2 50. Kf1 Qh1+ 51. Kf2 1/2-1/2

[Event "LSS No Engine Cup 177 Preliminary 0"]
[Site "LSS email"]
[Date "2018.02.10"]
[Round "?"]
[White "Perez, Giorgio"]
[Black "Jenneborg, Seved"]
[Result "0-1"]
[WhiteElo "1563"]
[BlackElo "2200"]
[PlyCount "52"]
[EventDate "2018.02.11"]
[EventType "tourn (corr)"]
[EventRounds "6"]
[EventCountry "GER"]
[SourceTitle "Corr 2022"]
[Source "ChessBase"]
[SourceDate "2021.10.24"]
[SourceVersion "1"]
[SourceVersionDate "2021.10.24"]
[SourceQuality "1"]

1. e4 e5 2. f4 exf4 3. Nf3 g5 4. h4 g4 5. Ne5 Nf6 6. Nxg4 Nxe4 7. Qe2 Qe7 8. d3 Ng3 9. Qxe7+ Bxe7 10. Rh3 d6 11. Bxf4 Nh5 12. Nf6+ Bxf6 13. Rf3 Bxb2 14. Nd2 Bxa1 15. Nb3 Bf6 16. Bg5 Bxg5 17. hxg5 Rg8 18. g4 Bxg4 19. Rf2 Nd7 20. Bg2 0-0-0 21. Rxf7 Rde8+ 22. Kf2 Rxg5 23. Bxb7+ Kxb7 24. Rxd7 Re2+ 25. Kf1 Ng3+ 26. Kg1 Bxd7 0-1

[Event "RN-2018-0-01389"]
[Site "LSS email"]
[Date "2018.01.11"]
[Round "?"]
[White "Perez, Giorgio"]
[Black "Gamba, Juan Manuel"]
[Result "0-1"]
[WhiteElo "1095"]
[BlackElo "999"]
[PlyCount "66"]
[EventDate "2017.12.29"]
[EventType "tourn (corr)"]
[EventRounds "6"]
[EventCountry "GER"]
[SourceTitle "Corr 2022"]
[Source "ChessBase"]
[SourceDate "2021.10.24"]
[SourceVersion "1"]
[SourceVersionDate "2021.10.24"]
[SourceQuality "1"]

1. e4 e6 2. d4 d5 3. Nd2 Nf6 4. e5 Nfd7 5. f4 c5 6. c3 Nc6 7. Ngf3 cxd4 8. cxd4 Qb6 9. Nb3 a5 10. a4 Bb4+ 11. Bd2 Bxd2+ 12. Nbxd2 Nxd4 13. Nxd4 Qxd4 14. Bb5 Qxf4 15. Nf3 0-0 16. 0-0 Nxe5 17. Nxe5 Qxe5 18. Qf3 Qd6 19. Rac1 Bd7 20. Bd3 Bxa4 21. Qh3 f5 22. g4 g6 23. gxf5 exf5 24. Rc3 Bd7 25. Bb1 Qb6+ 26. Kh1 Bc6 27. Rxc6 bxc6 28. Qg2 Kh8 29. h4 Rab8 30. h5 Qxb2 31. Qh3 Rb3 32. Qh4 g5 33. Qxg5 Rh3+ 0-1

[Event "RN-2018-0-01389"]
[Site "LSS email"]
[Date "2018.01.11"]
[Round "?"]
[White "Perez, Giorgio"]
[Black "Klawitter, Bernd"]
[Result "1-0"]
[WhiteElo "1095"]
[BlackElo "877"]
[PlyCount "89"]
[EventDate "2017.12.29"]
[EventType "tourn (corr)"]
[EventRounds "6"]
[EventCountry "GER"]
[SourceTitle "Corr 2022"]
[Source "ChessBase"]
[SourceDate "2021.10.24"]
[SourceVersion "1"]
[SourceVersionDate "2021.10.24"]
[SourceQuality "1"]

1. e4 d5 2. exd5 Qxd5 3. Nc3 Qd6 4. Nf3 Nf6 5. Bc4 a6 6. a4 Be6 7. Bxe6 Qxe6+ 8. Qe2 Qxe2+ 9. Nxe2 e6 10. d4 Bb4+ 11. c3 Be7 12. Bf4 c6 13. a5 Nbd7 14. Ng3 h6 15. 0-0 g5 16. Bd2 Bd6 17. Rfe1 0-0-0 18. Ne4 Nxe4 19. Rxe4 Nf6 20. Re2 Ne8 21. Ne5 Bxe5 22. Rxe5 Nc7 23. c4 f6 24. Re2 Rhe8 25. Be3 Na8 26. b4 Rd7 27. Rd1 h5 28. Bc1 g4 29. Rde1 Rxd4 30. Bb2 Rxc4 31. f3 f5 32. Rxe6 Rxe6 33. Rxe6 Nc7 34. Rh6 Rxb4 35. Bc3 Rb1+ 36. Kf2 gxf3 37. gxf3 Rb3 38. Be5 Nb5 39. Rxh5 Na3 40. Rxf5 Kd7 41. Kg3 Ke6 42. Rh5 Rb5 43. f4 Nc4 44. Rh6+ Kf5 45. Rh5+ 1-0

[Event "RN-2018-0-01389"]
[Site "LSS email"]
[Date "2018.01.11"]
[Round "?"]
[White "Vontina, Maria"]
[Black "Perez, Giorgio"]
[Result "1-0"]
[WhiteElo "820"]
[BlackElo "1095"]
[PlyCount "53"]
[EventDate "2017.12.29"]
[EventType "tourn (corr)"]
[EventRounds "6"]
[EventCountry "GER"]
[SourceTitle "Corr 2022"]
[Source "ChessBase"]
[SourceDate "2021.10.24"]
[SourceVersion "1"]
[SourceVersionDate "2021.10.24"]
[SourceQuality "1"]

1. e4 e5 2. Nf3 Nc6 3. Bb5 a6 4. Ba4 b5 5. Bb3 Nf6 6. 0-0 d6 7. d4 Na5 8. c3 Nxb3 9. Qxb3 Bb7 10. dxe5 dxe5 11. Nxe5 Qe7 12. Bf4 c5 13. Qc2 g6 14. f3 Bg7 15. Nd3 0-0 16. Nd2 Rfe8 17. Rad1 c4 18. Nf2 Rad8 19. Nb1 Nh5 20. Be3 Be5 21. Bb6 Rxd1 22. Rxd1 Nf4 23. Bd4 Nxg2 24. Kxg2 Qg5+ 25. Kf1 Bxh2 26. Ng4 Bf4 27. Nf6+ 1-0

[Event "CP-2017-P-00046"]
[Site "LSS email"]
[Date "2017.09.27"]
[Round "?"]
[White "Perez, Giorgio"]
[Black "Admakin, Vladimir"]
[Result "0-1"]
[WhiteElo "1110"]
[BlackElo "1778"]
[PlyCount "54"]
[EventDate "2017.10.01"]
[EventType "tourn (corr)"]
[EventRounds "6"]
[EventCountry "GER"]
[SourceTitle "Corr 2022"]
[Source "ChessBase"]
[SourceDate "2021.10.24"]
[SourceVersion "1"]
[SourceVersionDate "2021.10.24"]
[SourceQuality "1"]

1. e4 c5 2. Nf3 d6 3. d4 cxd4 4. Nxd4 Nf6 5. Nc3 a6 6. Bc4 e6 7. Bb3 Nbd7 8. f4 Nc5 9. 0-0 Ncxe4 10. Nxe4 Nxe4 11. Be3 d5 12. c3 Bc5 13. Qg4 0-0 14. Bc2 e5 15. Qh5 exd4 16. cxd4 Bb6 17. f5 Nf6 18. Qh4 Re8 19. Bg5 Bd7 20. Rf3 h6 21. Bxh6 gxh6 22. Qxh6 Bxd4+ 23. Kh1 Be5 24. Rh3 Ng4 25. Qh7+ Kf8 26. Rf1 Bd4 27. Rf4 Re1+ 0-1

[Event "LSS No Engine Cup 168 Preliminary 0"]
[Site "LSS email"]
[Date "2017.04.03"]
[Round "?"]
[White "Broniek, Mariusz Maciej"]
[Black "Perez, Giorgio"]
[Result "1-0"]
[WhiteElo "1888"]
[BlackElo "1578"]
[PlyCount "79"]
[EventDate "2017.04.04"]
[EventType "tourn (corr)"]
[EventRounds "6"]
[EventCountry "GER"]
[SourceTitle "Corr 2022"]
[Source "ChessBase"]
[SourceDate "2021.10.24"]
[SourceVersion "1"]
[SourceVersionDate "2021.10.24"]
[SourceQuality "1"]

1. g3 Nf6 2. Bg2 d5 3. Nf3 Bg4 4. c3 c5 5. Ne5 Nbd7 6. Nxg4 Nxg4 7. Bxd5 Qc7 8. Qb3 e6 9. Bxe6 Nge5 10. Bd5 Nb6 11. Bg2 Bd6 12. a4 0-0 13. 0-0 c4 14. Qc2 Nbd7 15. d4 Ng6 16. e4 Rfe8 17. a5 Nf6 18. a6 Be7 19. axb7 Rab8 20. e5 Nd7 21. Rxa7 Nb6 22. Nd2 Bg5 23. f4 Be7 24. Ne4 Kf8 25. f5 Nxe5 26. dxe5 Nd5 27. f6 gxf6 28. exf6 Bd8 29. Qd2 Re5 30. Qh6+ Ke8 31. Qxh7 Bxf6 32. Nxf6+ Nxf6 33. Rxf6 Re1+ 34. Kf2 Qe7 35. Bc6+ Kd8 36. Qg8+ Kc7 37. Qxb8+ Kb6 38. Ra6+ Kxa6 39. Qa8+ Kb6 40. b8Q+ 1-0

[Event "LSS No Engine Cup 168 Preliminary 0"]
[Site "LSS email"]
[Date "2017.04.03"]
[Round "?"]
[White "Zmolil, Karel"]
[Black "Perez, Giorgio"]
[Result "1-0"]
[WhiteElo "1657"]
[BlackElo "1578"]
[PlyCount "129"]
[EventDate "2017.04.04"]
[EventType "tourn (corr)"]
[EventRounds "6"]
[EventCountry "GER"]
[SourceTitle "Corr 2022"]
[Source "ChessBase"]
[SourceDate "2021.10.24"]
[SourceVersion "1"]
[SourceVersionDate "2021.10.24"]
[SourceQuality "1"]

1. c4 c6 2. Nc3 d5 3. cxd5 cxd5 4. d4 Nf6 5. Nf3 Bg4 6. e3 Nc6 7. h3 Bh5 8. Be2 e6 9. Qb3 Qc8 10. 0-0 Bxf3 11. Bxf3 a6 12. Na4 Qc7 13. Qb6 Bd6 14. Qxc7 Bxc7 15. b3 0-0 16. Be2 b6 17. Ba3 Rfc8 18. Rfc1 Bd8 19. Rc2 Ne7 20. Rac1 Rxc2 21. Rxc2 Rc8 22. Rxc8 Nxc8 23. Bxa6 Na7 24. Bd3 g6 25. Kf1 Ne8 26. Ke2 Kg7 27. Nc3 Bc7 28. Nb5 Nxb5 29. Bxb5 Nd6 30. Bc6 Ne4 31. Bb2 Kf6 32. f3 Ng3+ 33. Kd3 Nf5 34. f4 Ne7 35. Bb5 Nc8 36. Bc3 Nd6 37. Ba6 Ne4 38. Be1 Ke7 39. b4 f5 40. a4 h6 41. a5 g5 42. g3 Kd6 43. Bb5 bxa5 44. bxa5 Ke7 45. h4 Kf6 46. a6 Bb6 47. Kc2 Nd6 48. Be2 Ne4 49. Kb3 Ke7 50. Ka4 Kd7 51. hxg5 hxg5 52. Ba5 Ba7 53. Bb5+ Kc8 54. Be1 gxf4 55. gxf4 Nf6 56. Be2 Ne4 57. Kb5 Kc7 58. Ba5+ Kd7 59. Ka4 Nd6 60. Bb5+ Kc8 61. Bb4 Nxb5 62. Kxb5 Kd7 63. Bc5 Bxc5 64. Kxc5 Kc7 65. a7 1-0

[Event "OP-2017-0-04299"]
[Site "LSS email"]
[Date "2017.03.13"]
[Round "?"]
[White "Cabrera Trujillo, Claudio Tomas"]
[Black "Perez, Giorgio"]
[Result "1-0"]
[WhiteElo "1275"]
[BlackElo "1173"]
[PlyCount "25"]
[EventDate "2017.03.07"]
[EventType "tourn (corr)"]
[EventRounds "4"]
[EventCountry "GER"]
[SourceTitle "Corr 2022"]
[Source "ChessBase"]
[SourceDate "2021.10.24"]
[SourceVersion "1"]
[SourceVersionDate "2021.10.24"]
[SourceQuality "1"]

1. c4 c6 2. d4 d5 3. Nf3 Nf6 4. Nc3 Bg4 5. Ne5 Bf5 6. Qb3 Qc7 7. Bf4 Nh5 8. cxd5 Nxf4 9. dxc6 Be6 10. cxb7 Bxb3 11. bxa8Q e6 12. axb3 Bd6 13. Rxa7 1-0

[Event "LSS No Engine Cup 163 Preliminary 0"]
[Site "LSS email"]
[Date "2016.12.04"]
[Round "?"]
[White "Broniek, Mariusz Maciej"]
[Black "Perez, Giorgio"]
[Result "1-0"]
[WhiteElo "1899"]
[BlackElo "1623"]
[PlyCount "53"]
[EventDate "2016.12.05"]
[EventType "tourn (corr)"]
[EventRounds "6"]
[EventCountry "GER"]
[SourceTitle "Corr 2022"]
[Source "ChessBase"]
[SourceDate "2021.10.24"]
[SourceVersion "1"]
[SourceVersionDate "2021.10.24"]
[SourceQuality "1"]

1. b4 Nc6 2. b5 Nd4 3. e3 Nf5 4. e4 Nh4 5. d4 d5 6. g3 Ng6 7. e5 e6 8. Nf3 Bb4+ 9. c3 Ba5 10. a4 h6 11. Ba3 N8e7 12. h4 Bd7 13. h5 Nf8 14. Nfd2 Nh7 15. Bd3 Ng5 16. f4 Ne4 17. Nxe4 dxe4 18. Bxe4 Nd5 19. Qg4 Nxc3 20. Nxc3 Bxc3+ 21. Ke2 Rg8 22. Rac1 Bxd4 23. Rhd1 Bb6 24. Bh7 c6 25. Bxg8 cxb5 26. Qxg7 b4 27. Qxf7# 1-0

[Event "RF-2016-0-00333"]
[Site "LSS email"]
[Date "2016.09.09"]
[Round "?"]
[White "Barros Uriburu, Nicolas"]
[Black "Perez, Giorgio"]
[Result "1-0"]
[WhiteElo "1168"]
[BlackElo "1325"]
[PlyCount "39"]
[EventDate "2016.08.18"]
[EventType "tourn (corr)"]
[EventRounds "6"]
[EventCountry "GER"]
[SourceTitle "Corr 2022"]
[Source "ChessBase"]
[SourceDate "2021.10.24"]
[SourceVersion "1"]
[SourceVersionDate "2021.10.24"]
[SourceQuality "1"]

1. e4 d5 2. exd5 Nf6 3. c4 c6 4. d4 cxd5 5. Nc3 e6 6. Nf3 Bb4 7. Bg5 Qa5 8. Qb3 Ne4 9. Bd2 0-0 10. Nxe4 Bxd2+ 11. Nexd2 dxc4 12. Bxc4 Nc6 13. 0-0 g5 14. h3 h5 15. Ne4 g4 16. hxg4 hxg4 17. Nf6+ Kh8 18. Nxg4 Qc7 19. Ng5 Qf4 20. Qh3+ 1-0

[Event "RF-2016-0-00333"]
[Site "LSS email"]
[Date "2016.09.09"]
[Round "?"]
[White "Lauer, Frederic"]
[Black "Perez, Giorgio"]
[Result "1-0"]
[WhiteElo "1263"]
[BlackElo "1325"]
[PlyCount "141"]
[EventDate "2016.08.18"]
[EventType "tourn (corr)"]
[EventRounds "6"]
[EventCountry "GER"]
[SourceTitle "Corr 2022"]
[Source "ChessBase"]
[SourceDate "2021.10.24"]
[SourceVersion "1"]
[SourceVersionDate "2021.10.24"]
[SourceQuality "1"]

1. c4 c6 2. e4 d5 3. cxd5 cxd5 4. exd5 Qxd5 5. Nc3 Qd8 6. d4 Nf6 7. Nf3 Bg4 8. Qa4+ Bd7 9. Bb5 Nc6 10. d5 Nb8 11. Ne5 Bxb5 12. Nxb5 Nbd7 13. Nxd7 Nxd7 14. Bf4 e5 15. Bxe5 Rc8 16. Bd6 Be7 17. Qe4 Nf6 18. Qxe7+ Qxe7+ 19. Bxe7 Kxe7 20. Nxa7 Rc2 21. 0-0 Rd8 22. Rfe1+ Kf8 23. b4 Rxd5 24. Rac1 Rxc1 25. Rxc1 Rd2 26. a4 Ng4 27. h3 Nxf2 28. Rc8+ Ke7 29. Rc7+ Ke6 30. Rxb7 Ne4 31. Nb5 h5 32. a5 Rd1+ 33. Kh2 Rb1 34. a6 Rxb4 35. a7 Ra4 36. a8Q Rxa8 37. Nc7+ Kf6 38. Nxa8 Nd6 39. Rb6 Ke7 40. Nc7 Kd7 41. Nd5 Nc4 42. Rb4 Nd6 43. Nf4 g6 44. Rd4 Ke7 45. Nd3 Nf5 46. Re4+ Kf6 47. Re1 Kg7 48. Nc5 Kf6 49. Nd7+ Kg7 50. Ra1 Nd6 51. Ra6 Nf5 52. Ne5 Kg8 53. Ra7 Nh6 54. Rb7 Kg7 55. Rc7 Kg8 56. Ra7 Kg7 57. Kg3 Kf6 58. Nf3 Nf5+ 59. Kf2 Nh6 60. Ra6+ Kg7 61. g3 Kg8 62. Nh4 Kg7 63. Kf3 g5 64. Rxh6 Kxh6 65. Nf5+ Kg6 66. Ke4 f6 67. g4 hxg4 68. hxg4 Kf7 69. Kd5 Kg8 70. Ke6 Kh7 71. Kxf6 1-0